| 000 | 00336nam a22001097a 4500 | ||
|---|---|---|---|
| 999 |
_c15235 _d15235 |
||
| 008 | 200306b ||||| |||| 00| 0 eng d | ||
| 245 | _aGlobe, UM for a partner campus digital. | ||
| 260 |
_aDavao City, Philippines, _bSunstar Davao, _c©2018. |
||
| 300 |
_apage 15; _c29.5cm. |
||
| 650 |
_aUniversity of Mindanao. _942028 |
||
| 942 |
_2ddc _cPER |
||